Bolonskie trebovania v praktike prepodovania RKI v vuzach Evropy. Obščije trebovania - obščije učebniki

Recenzia na učebnicu v ruskom jazyku od autorky Zoje Fodor vydanú pod názvom Delovyje kontakty (Obchodné vzťahy). Učebnica je určená pre študentov ruského jazyka na odborných vysokých školách.

Gespeichert in:
Bibliographische Detailangaben
1. Verfasser: Strelková, Katarína
Format: Buchkapitel
Sprache:Russisch
Schlagworte:
Tags: Tag hinzufügen
Keine Tags, Fügen Sie das erste Tag hinzu!

MARC

LEADER 00000naa$a2200000$$$4500
001 0069969
005 20240502083205.1
041 0 |a rus 
044 |a HU 
245 1 0 |a Bolonskie trebovania v praktike prepodovania RKI v vuzach Evropy. Obščije trebovania - obščije učebniki  |c Katarína Strelková 
520 |a Recenzia na učebnicu v ruskom jazyku od autorky Zoje Fodor vydanú pod názvom Delovyje kontakty (Obchodné vzťahy). Učebnica je určená pre študentov ruského jazyka na odborných vysokých školách. 
610 2 0 |a vzdelávanie 
610 2 0 |a školy vysoké 
610 2 0 |a jazyky cudzie 
610 2 0 |a učebnice 
610 2 0 |a recenzie 
100 1 |a Strelková, Katarína